Estudios latinoamericanos sobre cultura y transformaciones sociales en tiempos de globalización /
Spremljeno u:
| Glavni autor: | |
|---|---|
| Autori kompanije: | , |
| Daljnji autori: | |
| Format: | Tekst |
| Izdano: |
Caracas:
CLACSO
|
| Teme: | |
| Oznake: |
Dodaj oznaku
Bez oznaka, Budi prvi tko označuje ovaj zapis!
|
MARC
| LEADER | 00000 a a2200000 04500 | ||
|---|---|---|---|
| 001 | 27265 | ||
| 003 | |||
| 040 | |||
| 020 | |a 950-9231-64-9 | ||
| 090 | |a 184201 | ||
| 100 | |a Mato, Daniel | ||
| 110 | |a CLACSO. Grupo de Trabajo Cultura y Transformaciones Sociales en Tiempo de Globalización | ||
| 245 | |a Estudios latinoamericanos sobre cultura y transformaciones sociales en tiempos de globalización / |c CLACSO. Grupo de Trabajo Cultura y Transformaciones Sociales en Tiempo de Globalización | ||
| 260 | |a Caracas: |b CLACSO | ||
| 300 | |a 267 p | ||
| 500 | |a Disponible en Cd, en No. 194107 | ||
| 650 | |a GLOBALIZACION | ||
| 650 | |a CULTURA | ||
| 650 | |a INTEGRACION CULTURAL | ||
| 650 | |a IDENTIDAD CULTURAL | ||
| 650 | |a INDUSTRIA DE LA CULTURA | ||
| 700 | |a comp | ||
| 710 | |a UNESCO |a ASDI |a CEAP |a CONICIT |a CIPOST | ||
| 999 | |c 14384 |d 14384 | ||



